000 00552nam a2200169 i 4500
001 131929
003 ES-MaACL
005 20230906194056.0
007 t|
008 070214s1933 sp r ||||1| spa d
100 1 _aRohde, Hans.
_998976
245 1 4 _aLos factores potenciales de Alemania y Francia /
_cHans Rohde.
260 _aMadrid ; Munich :
_bEd. Internacional Verlagsges,
_c1933.
300 _a215 p. :
_bil. ;
_c23 cm.
505 8 _aContiene: 1ª Parte. `Potentiels de guerre`. 2ª. Parte. `Potentiels de paix`
852 _aES-MaACL
_jA-1786
999 _c131929
_d131929